| 000 | 00000nam 2200000zi 4500 |
| 001 | 9.945768 |
| 003 | CaOODSP |
| 005 | 20241129112809 |
| 006 | m o d f |
| 007 | cr bn||||||||| |
| 008 | 241129e197710##oncb ob f000 0 eng d |
| 040 | |aCaOODSP|beng|erda|cCaOODSP |
| 043 | |an-cn-sn |
| 086 | 1 |aEn36-522/160-1977E-PDF |
| 100 | 1 |aDutka, B. J., |eauthor. |
| 245 | 10|aExploratory microbiological study of the six Qu'Appelle lakes : |bPasqua, Echo, Mission, Katepwa, Crooked and Round (July 11-14, 1977) / |cby B.J. Dutka. |
| 264 | 1|aBurlington, Ontario : |bCanada Centre for Inland Waters, Applied Research Division, Microbiology Laboratories Section, |cOctober 1977. |
| 300 | |a1 online resource (10 pages) : |bmaps. |
| 336 | |atext|btxt|2rdacontent |
| 337 | |acomputer|bc|2rdamedia |
| 338 | |aonline resource|bcr|2rdacarrier |
| 490 | 1 |aUnpublished report |
| 500 | |aDigitized edition from print [produced by Environment and Climate Change Canada]. |
| 504 | |aIncludes bibliographical references (page 10). |
| 520 | |a"The Qu'Appelle Lakes are a chain of six narrow lakes extending approximately 135 kilometers along the Qu'Appelle River, northeast of Regina, Saskatchewan. The first four lakes in the chain, Pasqua, Echo, Mission and Katepwa, cover approximately 40 kilometers of the river. Approximately 55-60 kilometers further downstream, Crooked and Round Lakes plus the interconnecting river cover another 38 kilometers of the downstream river"--Introduction, page [1]. |
| 650 | 0|aMicrobiology|xResearch|zQu'Appelle River (Sask. and Man.) |
| 650 | 0|aSediments (Geology)|xMicrobiology|zQu'Appelle River (Sask. and Man.) |
| 650 | 6|aMicrobiologie|xRecherche|zQu'Appelle, Rivière (Sask. et Man.) |
| 650 | 6|aSédiments (Géologie)|xMicrobiologie|zQu'Appelle, Rivière (Sask. et Man.) |
| 710 | 2 |aCanada Centre for Inland Waters. |bMicrobiology Laboratories, |eissuing body. |
| 830 | #0|aUnpublished report (Canada Centre for Inland Waters)|w(CaOODSP)9.881827 |
| 856 | 40|qPDF|s1.01 MB|uhttps://publications.gc.ca/collections/collection_2024/eccc/en36/En36-522-160-1977-eng.pdf |